000 01668nam a2200493 i 4500
001 25794
003 KOSZ 005
005 20200721095028.0
008 200721s1973 pl a f 001 0 pol
015 _aUWD 1974/726
035 _a991027956029705066
035 _a(PL-WaBN)b1757352x-48omnis_nlop
035 _ab1757352x
035 _a(OCoLC)749296903
035 _a(PL)b0000001757352
035 _a(EXLNZ-48OMNIS_NETWORK)9910228644305606
040 _aWA N
_cWA N
_dKOSZ 005/RW
046 _k1973
080 _a547
080 _a(075.8)
100 1 _aKorzeń, Stanisław
_d(1928- )
_eAutor
245 1 0 _aChemia organiczna /
_cStanisław Korzeń, Jan Krupowicz, Juliusz Malicki.
260 _aWarszawa :
_bPaństwowe Wydawnictwo Naukowe,
_c1973.
300 _a328, [2] stron :
_bilustracje ;
_c24 cm.
336 _aTekst
_btxt
_2rdacontent
337 _aBez urządzenia pośredniczącego
_bn
_2rdamedia
338 _aWolumin
_bnc
_2rdacarrier
380 _aKsiążki
380 _aPublikacje dydaktyczne
385 _mPoziom nauczania
_aSzkoły wyższe
388 1 _a1901-2000
388 1 _a1945-1989
504 _aIndeks.
521 8 _aSkrypt dla studentów akademii rolniczych.
650 7 _aChemia organiczna
_2DBN
655 7 _aPodręczniki akademickie
_2DBN
658 _aChemia
700 1 _aKrupowicz, Jan
_d(1905-2007)
_eAutor
700 1 _aMalicki, Juliusz
_d(1915- )
_eAutor
710 2 _aPaństwowe Wydawnictwo Naukowe
_4pbl
856 _uhttp://koha.tu.koszalin.pl/cgi-bin/koha/opac-detail.pl?biblionumber=25794
_yKatalog online BPK
942 _2UKD
_cKS
999 _c25794
_d25794